01028njm a2200277Ia 450000100060000000300090000600500170001500800410003204000130007304000130008604100120009910000200011110000180013110000380014924500250018725000110021226000090022326000630023230000170029530000290031250000150034150501990035665000470055570000840060270000640068626763IT-RoPAU20220918181146.0131025s9999 xx 000 0 und d aIT-RoPAU cIT-RoPAU aINGLESE aHarrison George eAutore musica gCodice autore musica SPICS: 10100 aSomewhere In England a1a ed. aROMA bSPICS RECORDSc1985 [1a Ed.:1981 - Ed. Lingua Orig.: 1981] aMUSICASSETTA c43 minuti (Testo: pag.) aMusica pop aBlood From A Clone - Unconsciousness Ruler - Life Itself - All Those Years Ago - Baltimore Oriole - Teardrops - That Which I Have Lost - Wrtiting's On the Wall - Hong Kong Blues - Save the World aPOP [CASSETTE]eCodice MATERIA SPICS: 9951 aHarrison GeorgeeAutore testo e musicagCodice autore testo/musica SPICS: 10100 aHarrison GeorgegCodice interprete SPICS: 10100eInterprete